[Event "Wuerttemberg-ch Blitz"]
[Site "Murrhard"]
[Date "2021.08.20"]
[Round "1"]
[White "Friedl, Bastian"]
[Black "Koelle, Tobias"]
[Result "0-1"]
[WhiteElo "1584"]
[BlackElo "2340"]
[PlyCount "94"]
[EventDate "2021.08.20"]
[EventType "swiss (blitz)"]
[EventRounds "11"]
[EventCountry "GER"]
[SourceTitle "CBM 204 Extra"]
[Source "ChessBase"]
[SourceDate "2021.11.30"]
[SourceVersion "1"]
[SourceVersionDate "2021.11.30"]
[SourceQuality "1"]

1. e4 c6 2. Nc3 d5 3. Qf3 dxe4 4. Nxe4 Nf6 5. Bc4 e6 6. d3 Nbd7 7. Bf4 Nxe4 8. dxe4 g5 9. Bg3 Bg7 10. 0-0-0 Qf6 11. Qxf6 Bxf6 12. h4 g4 13. Ne2 Be5 14. Nf4 b5 15. Bb3 Nc5 16. f3 Nxb3+ 17. axb3 gxf3 18. gxf3 Rg8 19. Ne2 Rxg3 20. f4 Rg2 21. fxe5 Rxe2 22. Rhg1 Bb7 23. Rg8+ Ke7 24. Rg7 Rxe4 25. Rf1 Rf8 26. Rxh7 Rxe5 27. h5 Rf5 28. Rxf5 exf5 29. h6 Kf6 30. Rg7 Rh8 31. Rg2 Rxh6 32. c4 b4 33. c5 Rh5 34. Rd2 f4 35. Rd7 Rxc5+ 36. Kb1 f3 37. Rxb7 f2 38. Ka2 Ra5+ 39. Kb1 f1Q+ 40. Kc2 Rc5+ 41. Kd2 Rd5+ 42. Ke3 Qd3+ 43. Kf2 Rf5+ 44. Kg2 Qe4+ 45. Kg3 Rf3+ 46. Kg2 Qe2+ 47. Kg1 Rf1# 0-1